Most Popular Songs in USA 7/26/2025 - Statistics

General Stats
  • This quiz has been taken 4 times
  • The average score is 9 of 15
Answer Stats
Rank Artist (Version) Answer Streams Radio Airplay Sales % Correct
6. Shaboozey A Bar Song (Tipsy) 14.5 Million 41.1 Million 2 Thousand
75%
10. Lady GaGa, Bruno Mars Die With A Smile 11.1 Million 50.3 Million 2 Thousand
75%
4. Huntr/X Golden 22.9 Million 1.8 Million 4 Thousand
75%
9. Teddy Swims Lose Control 16.2 Million 33.7 Million 2.5 Thousand
75%
11. Kendrick Lamar, SZA Luther 11.3 Million 50.2 Million 0.8 Thousand
75%
1. Alex Warren Ordinary 19.5 Million 73.5 Million 6.5 Thousand
75%
15. Chappell Roan Pink Pony Club 10.9 Million 35.8 Million 3.5 Thousand
75%
14. Saja Boys Your Idol 17.6 Million 0 2 Thousand
75%
2. Justin Bieber Daisies 27.6 Million 4.3 Million 4 Thousand
50%
12. Morgan Wallen I'm The Problem 16.2 Million 21.2 Million 1.5 Thousand
50%
5. Morgan Wallen Just In Case 16.7 Million 35.9 Million 2 Thousand
50%
7. Ravyn Lenae Love Me Not 14.1 Million 35.9 Million 0.5 Thousand
50%
13. Sabrina Carpenter Manchild 12.6 Million 33.7 Million 1.5 Thousand
50%
8. Drake What Did I Miss? 17.4 Million 9.5 Million 1.5 Thousand
25%
3. Morgan Wallen What I Want 20.6 Million 21.6 Million 2 Thousand
25%
No matching quizzes found
Score Distribution
Percent of People with Each Score
Percentile by Number Answered
Your Score History
You have not taken this quiz